Insectos nuevos ó poco conocidos de la fauna española / (Record no. 161773)

MARC details
000 -LEADER
campo de control de longitud fija 00790nam a22002052i 4500
001 - NÚMERO DE CONTROL
campo de control 161773
003 - IDENTIFICADOR DE NÚMERO DE CONTROL
campo de control ES-MaACL
005 - FECHA Y HORA DE LA ÚLTIMA TRANSACCIÓN
campo de control 20251120063146.0
008 - DATOS DE LONGITUD FIJA--INFORMACIÓN GENERAL
campo de control de longitud fija 990810m18651868sp |||| | spa d
040 ## - FUENTE DE CATALOGACIÓN
Centro catalogador/agencia de origen CAT
Lengua de catalogación spa
Centro/agencia transcriptor CAT
Centro/agencia modificador CCPB
080 ## - NÚMERO DE LA CLASIFICACIÓN DECIMAL UNIVERSAL
Número de la Clasificación Decimal Universal 595
100 1# - ENTRADA PRINCIPAL--NOMBRE DE PERSONA
Nombre de persona Pérez Arcas, Laureano,
Fechas asociadas al nombre 1822-1894
9 (RLIN) 131453
245 10 - MENCIÓN DEL TÍTULO
Título Insectos nuevos ó poco conocidos de la fauna española /
Mención de responsabilidad, etc. por D. Laureano Perez Arcas.
260 ## - PUBLICACIÓN, DISTRIBUCIÓN, ETC.
Lugar de publicación, distribución, etc. Madrid :
Nombre del editor, distribuidor, etc. Imprenta y Libreria de D. Eusebio Aguado,
Fecha de publicación, distribución, etc. 1865-1868.
300 ## - DESCRIPCIÓN FÍSICA
Extensión 86 p. ;
Dimensiones 21 cm.
597 ## - NOTA DE DESCRIPCIÓN FÍSICA
NOTA DE DESCRIPCIÓN FÍSICA 1ª parte (23 p.) -- 2ª parte (p. 25-56) -- 3ª parte (p. 58-86)
650 07 - PUNTO DE ACCESO ADICIONAL DE MATERIA--TÉRMINO DE MATERIA
Término de materia o nombre geográfico como elemento de entrada Insectos
Fuente del encabezamiento o término embne
9 (RLIN) 13823
852 ## - LOCALIZACIÓN
Ubicación ES-MaACL
Número de control de estantería T-187-F-5
Nota libre -- Enc. hol.
condición física -- Falto de la cub. original
Nota libre -- Enc. en un vol. facticio
Holdings
Estatus retirado Estado de pérdida Estado de daño No para préstamo Colección Biblioteca de origen Biblioteca actual Ubicación en estantería Fecha de adquisición Total de préstamos Signatura topográfica completa Código de barras Visto por última vez Precio de reemplazo Tipo de ítem Koha
        Colección de folletos Biblioteca del Ateneo de Madrid Biblioteca del Ateneo de Madrid Depósito folletos 17/01/2008   T-187-F-5 1169458 23/02/2023 23/02/2023 Folleto